|
|
|
|
| LEADER |
02127nam a22004215i 4500 |
| 001 |
34912 |
| 003 |
BD-DhAAL |
| 005 |
20230122193109.0 |
| 008 |
190724t2018 bg a 000 0 benod |
| 010 |
|
|
|a 2018305408
|
| 020 |
|
|
|a 9789849302230
|
| 025 |
|
|
|a B-B-2018305408; 12
|
| 037 |
|
|
|b Library of Congress -- New Delhi Overseas Office
|
| 040 |
|
|
|a DLC
|b eng
|e rda
|c DLC
|d BD-DhAAL
|
| 041 |
|
|
|a ben
|
| 042 |
|
|
|a lcode
|
| 082 |
|
|
|a 891.44
|2 23
|
| 100 |
|
|
|a মুরশিদ, গোলাম,
|d ১৯৪০-
|9 33074
|
| 245 |
0 |
0 |
|a বিদ্রোহী রণক্লান্ত :
|b নজরুল-জীবনী /
|c গোলাম মুরশিদ.
|
| 246 |
|
|
|a নজরুল-জীবনী
|
| 246 |
|
|
|a Bidrohi ranoklanto : Nazrul-jiboni
|
| 250 |
|
|
|a দ্বিতীয় সংস্করণ চতুর্থ মুদ্রণ
|
| 260 |
|
|
|a ঢাকা :
|b প্রথমা প্রকাশন,
|c c২০১৮.
|
| 300 |
|
|
|a ৫৫১ পৃষ্ঠা :
|b চিত্র ;
|c ২২ সে.মি.
|
| 504 |
|
|
|a বিবলিওগ্রাফী ও ইনডেক্স অন্তর্ভুক্ত।
|
| 520 |
|
|
|a Articles on the life of Kazi Nazrul Islam, 1899-1976, Bengali poet.
|
| 526 |
|
|
|a Residential Campus
|
| 541 |
|
|
|a Development Book Agency
Donated By Akbar Ali Khan
|e 34912, 40449
|
| 546 |
|
|
|a In Bengali.
|
| 600 |
|
|
|a Nazrul Islam,
|c Kazi,
|d 1899-1976.
|9 33075
|
| 650 |
|
|
|a Poets, Bengali
|y 20th century
|v Biography.
|9 33076
|
| 650 |
|
|
|a Authors, Bengali
|y 20th century
|v Biography.
|9 33077
|
| 650 |
|
|
|a Bengali literature
|x Bengali authors
|v Biography.
|9 33078
|
| 852 |
|
|
|a Savar Campus Library
|c General Stacks
|
| 942 |
|
|
|2 ddc
|c BK
|
| 999 |
|
|
|c 40983
|d 40983
|
| 952 |
|
|
|0 0
|1 0
|2 ddc
|4 0
|6 891_440000000000000_MUR
|7 0
|9 65758
|a SCL
|b SCL
|c GEN
|d 2019-07-17
|e Development Book Agency
|g 704.00
|l 7
|m 4
|o 891.44 MUR
|p 3020034912
|r 2026-04-19
|s 2025-09-02
|t 1
|v 704.00
|w 2019-07-17
|y BK
|
| 952 |
|
|
|0 0
|1 0
|2 ddc
|4 0
|6 891_440000000000000_MUR
|7 1
|9 73049
|a BRACUL
|b BRACUL
|c AAKC
|d 2019-07-17
|e Donated by Akbar Ali Khan
|g 800.00
|l 0
|o 891.44 MUR
|p 3010040449
|r 2023-01-22
|t 2
|v 800.00
|w 2019-07-17
|y BK
|